| 000 | 00688nam a2200241Ia 4500 | ||
|---|---|---|---|
| 001 | dia_2697 | ||
| 003 | CHAP | ||
| 005 | 20230515133758.0 | ||
| 008 | 220117s1992 xx 000 0 und d | ||
| 010 | _a173216 | ||
| 040 | _cCHAP | ||
| 082 | _a664.0028 C4 | ||
| 100 |
_aCheng, Ling-min _9153369 |
||
| 245 |
_aFood Machinery, for the Production of Cereal Foods and Confectionery / _c by Ling-min Cheng |
||
| 260 |
_aNew york, Ellis Horwood _c1992 |
||
| 300 | _a290P. | ||
| 500 | _aI. 168377 | ||
| 650 |
_aAlimentos _xprocesamiento _9153370 |
||
| 901 | _a664.0028 C4 | ||
| 902 | _aM | ||
| 905 | _a0000001992 NEWA 0000000000ING00 | ||
| 942 |
_cLIBRO _2ddc |
||
| 999 |
_c173216 _d173216 |
||